Alle JPL teams ( logo) 2024-2025 - Statistieken

Algemene statistieken
  • Deze quiz is 15 keer genomen
  • De gemiddelde score is 7 van 16
Antwoordstatistieken
Foto Hint Antwoord % Correct
boeren Club brugge
85%
boeren 2 Cercle Brugge
77%
34 keer kampioen RSC Anderlecht
77%
kiel Beerschot
62%
Buffalos KAA Gent
62%
limburg KRC Genk
46%
kazerne KV Mechelen
46%
universiteit OH Leuven
46%
snel arm KV Kortrijk
38%
STASSIN KVC Westerlo
31%
Dudenpark Union Saint gilloise
31%
onbekend FCV Dender EH
23%
Deurne RAFC
15%
hooligans Standard de Liège
15%
lamkel zé STVV
15%
industrie RSC Charleroi
8%
Geen overeenkomende quizzen gevonden
Scoreverdeling
Procent van Mensen met Elke Score
Percentiel versus Aantal Correcte Antwoorden
Uw Scoregeschiedenis
U heeft deze quiz nog niet genomen